1900 Valparaíso
Saved in:
| Hovedforfatter: | |
|---|---|
| Corporate Authors: | , |
| Format: | Bog |
| Sprog: | spansk |
| Udgivet: |
Valparaíso
Imprenta El Mercurio
2002
|
| Udgivelse: | 1a. ed |
| Fag: | |
| Tags: |
Tilføj Tag
Ingen Tags, Vær først til at tagge denne postø!
|
MARC
| LEADER | 00000nam a2200000 a 4500 | ||
|---|---|---|---|
| 001 | UCJ8729 | ||
| 003 | CL-VaPUC | ||
| 008 | 070124e20020000CL |||||||||||||||||spa|d | ||
| 082 | 0 | 4 | |a 983 |b OLD |2 21 |
| 100 | |a Olds, Harry Grants |e autor |9 517706 | ||
| 110 | 2 | |a El Mercurio de Valparaíso |e author |9 517707 | |
| 710 | 2 | |a Municipalidad de Valparaíso |e author |9 517708 | |
| 245 | 1 | 0 | |a 1900 Valparaíso |
| 246 | 1 | 3 | |a Un aporte a la conservación de la memoria histórica de la ciudad |
| 246 | 1 | 0 | |a 41 fotografías, patrimonio cultural |
| 250 | |a 1a. ed | ||
| 300 | |a 41 h | ||
| 942 | |c BK | ||
| 945 | |d 20070124 00:00:00 |a fvergara | ||
| 260 | |a Valparaíso |b Imprenta El Mercurio |c 2002 | ||
| 500 | |a Las fotos fueron informadas al reverso por Luciano Figueroa | ||
| 600 | 0 | 7 | |a EDIFICIO COUSIÑO |2 CL-VaPUC |9 517709 |
| 600 | 0 | 7 | |a PLAZA ANIBAL PINTO |2 CL-VaPUC |9 517710 |
| 600 | 0 | 7 | |a PLAZA JUSTICIA |2 CL-VaPUC |9 517711 |
| 600 | 0 | 7 | |a PLAZA DE LA VICTORIA |2 CL-VaPUC |9 517712 |
| 600 | 0 | 7 | |a PLAZA DE LA INTENDENCIA |2 CL-VaPUC |9 517713 |
| 600 | 0 | 7 | |a PLAZA ECHAURREN |2 CL-VaPUC |9 517714 |
| 600 | 0 | 7 | |a JARDIN DE ABADIE |2 CL-VaPUC |9 517715 |
| 600 | 0 | 7 | |a CERRO BELLAVISTA |2 CL-VaPUC |9 367489 |
| 600 | 0 | 7 | |a CERRO CORDILLERA |2 CL-VaPUC |9 517716 |
| 600 | 0 | 7 | |a CERRO PLAYA ANCHA |2 CL-VaPUC |9 517717 |
| 600 | 0 | 7 | |a MUELLE PRAT |2 CL-VaPUC |9 517718 |
| 600 | 0 | 7 | |a ENGLISH COLLEGE |2 CL-VaPUC |9 517719 |
| 600 | 0 | 7 | |a FIGUEROA C., LUCIANO |2 CL-VaPUC |9 517720 |
| 650 | 7 | |a HISTORIA LOCAL SIGLO 19 |2 CL-VaPUC |9 517721 | |
| 650 | 0 | |a Ciudades |9 265474 | |
| 650 | 0 | |a Historia de Chile |9 265473 | |
| 650 | 0 | |a Antropología cultural y social |9 265143 | |
| 650 | 0 | |a Valparaíso |x Arquitectura |9 490259 | |
| 650 | 0 | |a Fotografías |9 268494 | |
| 650 | 0 | |a Patrimonio cultural |9 309364 | |
| 650 | 0 | |a Transporte público |9 348060 | |
| 650 | 0 | |a Monumentos |9 265246 | |
| 583 | |a last modification |c 20070124 00:00:00 |k Rodrigo Vera | ||
| 999 | |c 324385 |d 324383 | ||
| 952 | |0 0 |1 0 |4 0 |6 983_000000000000000_OLD_2002 |7 0 |8 X |9 404481 |a FDOBUD |b FDOBUD |d 2019-11-22 |i 1083279 |o 983 OLD 2002 |p 1083279 |r 2019-11-22 |w 2019-11-22 |y BK_X |k BUD | ||